| 000 | 00971nam a22002897a 4500 | ||
|---|---|---|---|
| 999 |
_c12764 _d12764 |
||
| 003 | EG-ScBUE | ||
| 005 | 20210123115918.0 | ||
| 008 | 090820s2003 ua f 000 d ara d | ||
| 017 | _a2003/8897 | ||
| 020 | _a9773054578 | ||
| 040 |
_aEG-ScBUE _bara _erda _cEG-ScBUE _dEG-ScBUE |
||
| 082 | 0 | 4 |
_a892.726 _bم ح م _222 |
| 100 | 1 |
_98756 _aمحمد، عرفة، _eمؤلف. |
|
| 245 | 1 | 0 |
_aمجنون لوحده / _cتأليف عرفة محمد. |
| 250 | _aالطبعة الأولى. | ||
| 264 | 1 |
_aالقاهرة : _bالهيئة العامة لقصور الثقافة، _c2003. |
|
| 300 |
_a127 صفحة ؛ _c12 سم. |
||
| 336 |
_2rdacontent _aنص _btxt |
||
| 337 |
_2rdamedia _aبدون وسيط _bn |
||
| 338 |
_2rdacarrier _aمجلد _bnc |
||
| 490 | 0 |
_aنصوص مسرحية ؛ _v31 |
|
| 650 | 7 |
_98024 _aالمسرحيات العربية _zمصر. _2BUEsh |
|
| 651 | _2BUEsh | ||
| 653 |
_bARALIT _cJanuary2021 |
||
| 655 |
_vReading book _934232 |
||
| 942 |
_2ddc _cBB |
||